<?xml version="1.0" encoding="UTF-8"?>
<record
    xmlns:xsi="http://www.w3.org/2001/XMLSchema-instance"
    xsi:schemaLocation="http://www.loc.gov/MARC21/slim http://www.loc.gov/standards/marcxml/schema/MARC21slim.xsd"
    xmlns="http://www.loc.gov/MARC21/slim">

  <leader>01805nam a2200253 a 4500</leader>
  <controlfield tag="001">000048689</controlfield>
  <controlfield tag="005">20201002061331.0</controlfield>
  <controlfield tag="008">190408s2016    dr            000 0 spa d</controlfield>
  <datafield tag="020" ind1=" " ind2=" ">
    <subfield code="a">9789945588675</subfield>
  </datafield>
  <datafield tag="040" ind1=" " ind2=" ">
    <subfield code="a">DO-SdBNP</subfield>
    <subfield code="b">spa</subfield>
    <subfield code="c">BNPHU</subfield>
  </datafield>
  <datafield tag="082" ind1=" " ind2=" ">
    <subfield code="a">xxxx</subfield>
    <subfield code="b">M766i</subfield>
  </datafield>
  <datafield tag="100" ind1="1" ind2=" ">
    <subfield code="a">Mont&#xE1;s, Keiselim A.,</subfield>
    <subfield code="d">1968-</subfield>
    <subfield code="9">37736</subfield>
  </datafield>
  <datafield tag="245" ind1="1" ind2="0">
    <subfield code="a">&#xCD;nfimas apreciaciones literarias :</subfield>
    <subfield code="b">(Desde Cervantes hasta Perlongher en vuelo de p&#xE1;jaro) /</subfield>
    <subfield code="c">Keiselim A. Mont&#xE1;s.</subfield>
  </datafield>
  <datafield tag="260" ind1=" " ind2=" ">
    <subfield code="a">Santo Domingo :</subfield>
    <subfield code="b">Editora Nacional,</subfield>
    <subfield code="c">2016.</subfield>
  </datafield>
  <datafield tag="300" ind1=" " ind2=" ">
    <subfield code="a">108 p. ;</subfield>
    <subfield code="c">24 cm.</subfield>
  </datafield>
  <datafield tag="490" ind1="1" ind2=" ">
    <subfield code="a">Ultramar</subfield>
  </datafield>
  <datafield tag="500" ind1=" " ind2=" ">
    <subfield code="a">Incluye datos biogr&#xE1;ficos del autor en la solapa de la cubierta</subfield>
  </datafield>
  <datafield tag="500" ind1=" " ind2=" ">
    <subfield code="a">Incluye referencias bibliogr&#xE1;ficas al final de los cap&#xED;tulos</subfield>
  </datafield>
  <datafield tag="500" ind1=" " ind2=" ">
    <subfield code="a">Incluye referencias bibliogr&#xE1;ficas y notas al pie de las p&#xE1;ginas</subfield>
  </datafield>
  <datafield tag="505" ind1="0" ind2=" ">
    <subfield code="a">La cordura de Don Quijote y su locura como artificio de h&#xE9;roe --</subfield>
    <subfield code="t">Lo fugaz de la vida: carpe diem y agon&#xED;a de la vida en Quevedo, distancia y cercan&#xED;a a Unamuno --</subfield>
    <subfield code="t">Precario bosquejo con pincel bajtiniano de Do&#xF1;a Perfecta, Misericordia y Ca&#xF1;as y barro --</subfield>
    <subfield code="t">Borges, el del espejo; el Otro --</subfield>
    <subfield code="t">Resumen cr&#xED;tico de La rebeli&#xF3;n del hombre , ensayo de Ernesto S&#xE1;bato --</subfield>
    <subfield code="t">La homosexualidad en Bienvenido, Bob: esperpento de una lectura alternativa --</subfield>
    <subfield code="t">La "espacializaci&#xF3;n" como t&#xE9;cnica narrativa b&#xE1;sica de Pedro P&#xE1;ramo: &#xBF;c&#xF3;mo es y c&#xF3;mo figura en la relaci&#xF3;n texto/lector? --</subfield>
    <subfield code="t">Tres Tristes Tigeres: ensayo general: serio/no serio y ensayo espec&#xED;fico: juegos de lenguaje --</subfield>
    <subfield code="t">Yo una mujer, Yo la Mujer: culinaria, literaria --</subfield>
    <subfield code="t">El manifiesto postmodernista en Usted tambi&#xE9;n podr&#xE1; disfrutar de ella --</subfield>
    <subfield code="t">Perlongher, el neobarroco y su factura po&#xE9;tica --.</subfield>
  </datafield>
  <datafield tag="586" ind1=" " ind2=" ">
    <subfield code="a">XI Premio de Ensayo Letras de Ultramar 2015.</subfield>
  </datafield>
  <datafield tag="590" ind1=" " ind2=" ">
    <subfield code="a">Inventariado, 2019/LP</subfield>
  </datafield>
  <datafield tag="830" ind1=" " ind2="0">
    <subfield code="a">Ultramar</subfield>
    <subfield code="9">1892</subfield>
  </datafield>
  <datafield tag="952" ind1=" " ind2=" ">
    <subfield code="0">0</subfield>
    <subfield code="1">0</subfield>
    <subfield code="7">1</subfield>
    <subfield code="8">PD</subfield>
    <subfield code="a">PD</subfield>
    <subfield code="b">PD</subfield>
    <subfield code="c">HD</subfield>
    <subfield code="d">2019-04-08</subfield>
    <subfield code="i">LF1</subfield>
    <subfield code="l">0</subfield>
    <subfield code="o">xxxx M766i</subfield>
    <subfield code="p">48689-10</subfield>
    <subfield code="r">2020-06-25</subfield>
    <subfield code="w">2020-06-25</subfield>
    <subfield code="y">LFPD</subfield>
    <subfield code="Z">No se presta</subfield>
  </datafield>
  <datafield tag="999" ind1=" " ind2=" ">
    <subfield code="c">48177</subfield>
    <subfield code="d">48177</subfield>
  </datafield>
</record>
